| 000 | 00541cam a2200217 i 4500 | ||
|---|---|---|---|
| 001 | 4595004 | ||
| 005 | 20180201080740.0 | ||
| 008 | 760319s1975 dcua f001 0 eng | ||
| 010 | _a 75600072 | ||
| 020 | _c$7.30 | ||
| 040 |
_aDLC _cDLC _dOCoLC _dDLC |
||
| 041 | _aeng | ||
| 043 | _an-us--- | ||
| 080 | _a630.5 jam | ||
| 082 | 0 | 0 |
_a630..5 jam _a630/.973 |
| 100 | _a9 | ||
| 101 | _amje | ||
| 245 | 0 | 0 |
_aThat we may eat / _cU.S. Department of Agriculture. |
| 906 |
_a7 _bcbc _corignew _d3 _encip _f19 _gy-gencatlg |
||
| 942 |
_2ddc _cBK |
||
| 999 |
_c41537 _d41537 |
||